| 000 | 00862nam0a22002291 4500 | ||
|---|---|---|---|
| 001 | rc\670248 | ||
| 005 | 20250621204326.0 | ||
| 035 | _a(NLR Aleph) 005908866 | ||
| 090 |
_a6355402 _c6355402 |
||
| 100 | _a20031121d1986 |||y0rusy50 ca | ||
| 101 | 0 | _arus | |
| 102 | _aRU | ||
| 105 | _aa ||||||||| | ||
| 200 | 1 |
_aСказка славянской красавицы _e[По мотивам поэмы "Семь красавиц" _eДля дошк. и мл. шк. возраста] _fНизами Гянджеви _g[Перевод с азерб. А. Кулиева _gХудож. С. Шатиков] |
|
| 210 |
_aБаку _cГянджлик _d1986 |
||
| 215 |
_a[12] с. _cцв. ил. _d29 |
||
| 700 | 0 |
_aНизами Гянджеви _fок.1141- ок.1209 |
|
| 801 | 0 |
_aRU _bNLR _gpsbo |
|
| 801 | 1 |
_aRU _bELAR _2rusmarc |
|
| 852 |
_aNLR _j86-8/673 |
||
| 942 | _cBOOK | ||
| 980 | _aNB | ||